| 000 | 01418cam a22002774a 4500 | ||
|---|---|---|---|
| 999 |
_c8155 _d8155 |
||
| 001 | 8155 | ||
| 003 | BD-JhCC | ||
| 005 | 20180711101058.0 | ||
| 008 | 090129s2009 nyua b 001 0 eng | ||
| 020 | _a9780393975758 | ||
| 035 | _a(BD-JhCC)8155 | ||
| 040 |
_aDLC _cDLC _dDLC _dBD-JhCC |
||
| 041 | _aeng | ||
| 050 | 0 | 0 |
_aML3534 _b.C7 2009 |
| 082 | 0 | 0 |
_a781.6609 _222 _bCOV 2009 |
| 100 | 1 | _aCovach, John Rudolph. | |
| 245 | 1 | 0 |
_aWhat's that sound? : _ban introduction to rock and its history / _cJohn Covach. |
| 250 | _a2nd ed. | ||
| 260 |
_aNew York : _bW. W. Norton, _cc2009. |
||
| 300 |
_a1 v. (various pagings) : _bill. ; _c23 cm. |
||
| 504 | _aIncludes bibliographical references and index. | ||
| 505 | 0 | _aThe world before rock and roll (roots-1955) -- The birth and first flourishing of rock and roll (1955-1960) -- The demise of rock and the promise of soul (1959-1963) -- The Beatles and the British invasion (1964-1966) -- American responses (1964-1966) -- Motown pop and southern soul (1960-1970) -- Psychedelia (1966-1969) -- The growing rock monster (1970-1975) -- Black pop and the rise of disco (1970-1980) -- Mainstream rock, punk, and new wave (1975-1980) -- I want my MTV (1980-1990) -- Heavy metal, rap, and the rise of alternative rock (1982-1992) -- Conclusion (1990s and beyond: the more things change--). | |
| 650 | 0 |
_aRock music _xHistory and criticism. |
|
| 942 |
_2ddc _cBK |
||